Childhood in the Moslem World (Record no. 2698)

MARC details
000 -LEADER
fixed length control field 00583nam a2200241 a 4500
020 ## - INTERNATIONAL STANDARD BOOK NUMBER
ISBN
082 00 - DEWEY DECIMAL CLASSIFICATION NUMBER
Classification number 305.230297
Author Cutter ZWE
100 ## - MAIN ENTRY--AUTHOR NAME
Author name Zwemer, S M
245 ## - TITLE STATEMENT
Title Childhood in the Moslem World
260 ## - PUBLICATION, DISTRIBUTION, ETC. (IMPRINT)
Place of publication London
Name of publisher Fleming H Revell Compant
Year of publication 1915
300 ## - PHYSICAL DESCRIPTION
Number of Pages 270p
500 ## - GENERAL NOTE
General note includes index and biblioraphy
505 2# - FORMATTED CONTENTS NOTE
Formatted contents note Bibliography
650 ## - SUBJECT ADDED ENTRY--TOPICAL TERM
Topical Term Muslim Children
942 ## - ADDED ENTRY ELEMENTS (KOHA)
Koha item type Books
700 1# -
-- Zwemer, S M
Holdings
Home library Current library Date acquired Cost, normal purchase price Full call number Accession Number Koha item type
Henry Martyn Institute Library Henry Martyn Institute Library   0.00 305.230297 ZWE 1231 Archive Book
Henry Martyn Institute Library Henry Martyn Institute Library   0.00 305.230297 ZWE 1232 Archive Book
                   Copyright © 2026 | Henry Martyn Institute | Hyderabad | TS-500052 | INDIA | Implemented by hmi.edu.in
Hit-Count:

Powered by Koha